Statistics for Brand-Name Animals Quiz

Click here to take the quiz!

General Stats

  • This quiz has been taken 68,302 times
    (47,524 since last reset)
  • The average score is 13 of 20

Answer Stats

BrandAnimal% Correct
Frosted FlakesTiger
96%
DisneyMouse
92%
EnergizerBunny
85%
Honey Nut CheeriosBee
83%
SnuggleBear
78%
CheetosCheetah
77%
LacosteCrocodile
75%
Toys "R" UsGiraffe
67%
Froot LoopsToucan
67%
GeicoGecko
65%
SegaHedgehog
65%
Corn FlakesRooster
61%
AflacDuck
59%
KlondikePolar Bear
58%
LinuxPenguin
52%
Coco PopsMonkey
43%
Tootsie Roll PopsOwl
42%
Honey SmacksFrog
36%
VlasicStork
33%
Cocoa PuffsCuckoo
26%

Score Distribution

Percentile by Number Answered

Percent of People with Each Score

Your Score History

You have not taken this quiz since the last reset